Informe sobre España: repensar el Estado o destruirlo
Saved in:
| Hovedforfatter: | |
|---|---|
| Format: | Bog |
| Sprog: | spansk |
| Udgivet: |
Barcelona
Crítica
2012
|
| Udgivelse: | 1a. ed |
| Fag: | |
| Tags: |
Tilføj Tag
Ingen Tags, Vær først til at tagge denne postø!
|
MARC
| LEADER | 00000cam a2200000 a 4500 | ||
|---|---|---|---|
| 001 | UCC2513 | ||
| 003 | CL-VaPUC | ||
| 008 | 180309e20120000sp |||||||||||||||||spa|d | ||
| 020 | |a 9788498924664 | ||
| 082 | 0 | 4 | |a 342.46 |b MUÑ |2 21 |
| 100 | |a Muñoz Machado, Santiago |e autor |9 295515 | ||
| 245 | 1 | 0 | |a Informe sobre España: repensar el Estado o destruirlo |
| 250 | |a 1a. ed | ||
| 300 | |a 254 p | ||
| 942 | |c BK | ||
| 945 | |d 20180309 22:06:00 |a dcastane | ||
| 260 | |a Barcelona |b Crítica |c 2012 | ||
| 650 | 7 | |a ESTADO ESPAÑOL |2 CL-VaPUC |9 528208 | |
| 650 | 0 | |a Poder político |9 255509 | |
| 650 | 0 | |a Política y gobierno |9 255151 | |
| 583 | |a last modification |c 20180309 22:06:00 |k Rodrigo Vera | ||
| 999 | |c 370595 |d 370593 | ||
| 952 | |0 0 |1 0 |3 erd |4 0 |6 342_460000000000000_MUÑ_2012 |7 0 |8 A |9 487137 |a BIBDER |b BIBDER |i 5452848 |l 1 |o 342.46 MUÑ 2012 |p 5452848 |r 2023-01-25 |s 2022-05-26 |w 2019-11-24 |y BK |z Catalogado en:20180309 |k DER | ||